000
00298nam a2200121Ia 4500
008
210430s9999 xx 000 0 und d
082
_a
620.3 I57E
100
_a
Inman Daniel J.
_9
54962
245
_a
Engineering Vibration
_c
Inman Daniel J.
260
_c
1996
300
_a
555p.
942
_c
BK
_2
ddc
999
_c
565889
_d
565889